[Event "93rd ch-GBR"]
[Site "Swansea WLS"]
[Date "2006.08.07"]
[Round "1"]
[White "Addison,B"]
[Black "Rowson,J"]
[Result "0-1"]
[WhiteElo "2241"]
[BlackElo "2579"]
[EventDate "2006.08.07"]

1. d4 Nf6 2. c4 e6 3. g3 d5 4. Bg2 Bb4+ 5. Bd2 Be7 6. Nf3 O-O 7. O-O c6 8.
Bf4 Nbd7 9. Qc2 Nh5 10. Bc1 f5 11. Nc3 b6 12. Ne5 Bb7 13. e3 Nhf6 14. Nd3
Bd6 15. b3 Qe7 16. a4 a5 17. Bb2 Rac8 18. Nb1 c5 19. Na3 Ne4 20. Nb5 Bb8
21. Ba3 Rf6 22. Rac1 Rh6 23. dxc5 bxc5 24. f4 dxc4 25. bxc4 Ndf6 26. Bf3
Ng4 27. Bxg4 fxg4 28. Nf2 Nf6 29. e4 Qe8 30. Nc3 Qh5 31. Nh1 Nxe4 32. Nxe4
Bxe4 33. Qf2 Qe8 34. Qe2 Ba8 0-1

[Event "93rd ch-GBR"]
[Site "Swansea WLS"]
[Date "2006.08.07"]
[Round "1"]
[White "Hebden,M"]
[Black "Snape,I"]
[Result "1-0"]
[WhiteElo "2532"]
[BlackElo "2241"]
[EventDate "2006.08.07"]

1. d4 Nf6 2. Nf3 g6 3. Nc3 c5 4. d5 d6 5. e4 Bg7 6. Be2 Na6 7. O-O Nc7 8.
a4 O-O 9. h3 e6 10. dxe6 Nxe6 11. Re1 b6 12. Bc4 Bb7 13. Nd5 Nd7 14. c3 Ne5
15. Nxe5 dxe5 16. Be3 Kh8 17. a5 f5 18. exf5 gxf5 19. f4 b5 20. a6 Bc6 21.
Nb4 cxb4 22. Bxe6 Qxd1 23. Raxd1 bxc3 24. bxc3 exf4 25. Bxf4 Bxc3 26. Re3
Bb2 27. Rd6 Be4 28. Rb3 Bg7 29. Rxb5 Rab8 30. Rxb8 Rxb8 31. Rd7 Rb1+ 32.
Kf2 Bf6 33. Rd8+ 1-0

[Event "93rd ch-GBR"]
[Site "Swansea WLS"]
[Date "2006.08.07"]
[Round "1"]
[White "Eggleston,D"]
[Black "Gormally,D"]
[Result "1/2-1/2"]
[WhiteElo "2232"]
[BlackElo "2513"]
[EventDate "2006.08.07"]

1. e4 c5 2. Nf3 e6 3. d4 cxd4 4. Nxd4 a6 5. Nc3 b5 6. Bd3 Qb6 7. Nf3 Nc6 8.
O-O d6 9. a4 b4 10. a5 Qc7 11. Na4 Nxa5 12. Be3 Rb8 13. Nb6 Rxb6 14. Rxa5
Rb8 15. Qa1 Nf6 16. Bxa6 Bd7 17. Bd3 Be7 18. Ra7 Qc8 19. e5 dxe5 20. Nxe5
O-O 21. Qd1 Be8 22. Rxe7 Nd5 23. Rxe8 Rxe8 24. Qh5 g6 25. Qh6 Qc7 1/2-1/2

[Event "93rd ch-GBR"]
[Site "Swansea WLS"]
[Date "2006.08.07"]
[Round "1"]
[White "Davies,Ni"]
[Black "Varley,P"]
[Result "1/2-1/2"]
[WhiteElo "2512"]
[BlackElo "2228"]
[EventDate "2006.08.07"]

1. e4 e6 2. Nf3 d5 3. Nc3 Nf6 4. e5 Nfd7 5. d4 c5 6. dxc5 Bxc5 7. Bd3 Nc6
8. Qe2 Nd4 9. Nxd4 Bxd4 10. f4 a6 11. Be3 Bxe3 12. Qxe3 Qb6 13. Qxb6 Nxb6
14. Ne2 Bd7 15. Nd4 Rc8 16. b3 O-O 17. Kd2 Rc7 18. h4 Nc8 19. h5 Ne7 20. h6
g6 21. a4 Nc6 22. Nxc6 Rxc6 23. Rhf1 Rfc8 24. Ke3 Rc3 25. Kd4 Kf8 26. g4
Ke7 27. Rf2 R3c6 28. Raf1 Rg8 29. Rf3 f5 30. exf6+ Kxf6 31. Re3 Rb6 32. a5
Rc6 33. Re5 Rc7 34. Rfe1 Rc6 35. R1e2 Rc7 36. R2e3 Rc6 37. Re1 Rc7 38. R1e2
Rc6 39. R2e3 Rc7 40. c3 Rc6 41. Be2 Rd8 42. Bf1 Bc8 43. Bh3 b6 44. f5 gxf5
45. gxf5 exf5 46. axb6 Rxb6 47. Rf3 Rxb3 48. Bxf5 Bxf5 49. Rexf5+ Kg6 50.
Rf6+ Kg5 51. R3f5+ Kg4 52. Rf1 Ra3 53. Rf7 Ra4+ 54. Kd3 Kg5 55. Rxh7 d4 56.
Rg1+ Kf6 57. Rc7 dxc3+ 58. Kxc3 Rh4 59. h7 Rh8 60. Rgg7 a5 61. Rgd7 a4 62.
Ra7 Rh3+ 63. Kd4 Rh4+ 64. Kd5 Rh5+ 65. Kd6 Rh1 66. Rf7+ Kg6 67. Rg7+ Kh6
68. Rgc7 1/2-1/2

[Event "93rd ch-GBR"]
[Site "Swansea WLS"]
[Date "2006.08.07"]
[Round "1"]
[White "Hodgson,Jo"]
[Black "Parker,J"]
[Result "1/2-1/2"]
[WhiteElo "2218"]
[BlackElo "2509"]
[EventDate "2006.08.07"]

1. e4 e5 2. Nf3 Nc6 3. Bb5 a6 4. Ba4 Nf6 5. O-O Bc5 6. c3 b5 7. Bb3 d6 8.
a4 Bg4 9. h3 Bxf3 10. Qxf3 O-O 11. a5 Rb8 12. d3 Nd7 13. Kh1 Kh8 14. Qe2
Ba7 15. Nd2 Ne7 16. f4 Ng6 17. fxe5 dxe5 18. Nf3 f6 19. Rd1 Qe7 20. Be3
Bxe3 21. Qxe3 c6 22. Ba2 Rfd8 23. Ne1 c5 24. Nc2 Nf4 25. Kh2 Rbc8 26. g3
Ne6 27. Qe2 Nc7 1/2-1/2

[Event "93rd ch-GBR"]
[Site "Swansea WLS"]
[Date "2006.08.07"]
[Round "1"]
[White "Pert,N"]
[Black "Tippleston,C"]
[Result "1-0"]
[WhiteElo "2503"]
[BlackElo "2203"]
[EventDate "2006.08.07"]

1. d4 d5 2. Nf3 Nf6 3. c4 c6 4. Nc3 a6 5. e3 Bf5 6. Ne5 h6 7. Qb3 Ra7 8.
cxd5 cxd5 9. Bd2 e6 10. Rc1 Nbd7 11. Bb5 Be7 12. Bxd7+ Nxd7 13. Nxd7 Qxd7
14. Na4 Qb5 15. Nb6 Qxb3 16. axb3 a5 17. Nc8 Ra6 18. Nxe7 Kxe7 19. Rc7+ Kf6
20. Rxb7 a4 21. bxa4 Rxa4 22. Ke2 Rc8 23. Bc3 Rca8 24. f3 R4a7 25. Rb6 Ra6
26. Rb5 Bc2 27. Rc1 Ba4 28. Rb4 Bd7 29. Bd2 Ra4 30. Rb3 R4a7 31. Rc5 Ra1
32. e4 dxe4 33. fxe4 R1a7 34. Rg3 g5 35. h4 gxh4 36. Rg4 Rb8 37. Bc3 Ke7
38. Rxh4 Rg8 39. Kf2 Rg6 40. Rch5 Bc6 41. d5 exd5 42. exd5 Bb7 43. Re5+ Kf8
44. Bb4+ Kg7 45. Re7 Rb6 46. Bc3+ Kg6 47. Rh3 f6 48. Rg3+ Kf5 49. Rgg7 Rb5
50. g4+ 1-0

[Event "93rd ch-GBR"]
[Site "Swansea WLS"]
[Date "2006.08.07"]
[Round "1"]
[White "Williams,Si"]
[Black "Fowler,S"]
[Result "1-0"]
[WhiteElo "2473"]
[BlackElo "2181"]
[EventDate "2006.08.07"]

1. d4 d5 2. c4 e6 3. Nc3 c6 4. e3 Bd6 5. Bd2 f5 6. g4 Nh6 7. gxf5 Nxf5 8.
Qc2 O-O 9. O-O-O b6 10. Nge2 Na6 11. Ng3 Bb7 12. cxd5 cxd5 13. a3 Rc8 14.
Nxf5 exf5 15. Bd3 Qd7 16. h4 Nc7 17. Rdg1 Ba6 18. Bxa6 Nxa6 19. Kb1 Be7 20.
Qb3 Rfd8 21. Ne2 Rc4 22. Nf4 Nc7 23. Qd3 Kh8 24. Nh5 g6 25. Nf4 Ne6 26. h5
g5 27. Qxf5 Nxf4 28. Qe5+ Kg8 29. exf4 Re8 30. Re1 Rcc8 31. h6 1-0

[Event "93rd ch-GBR"]
[Site "Swansea WLS"]
[Date "2006.08.07"]
[Round "1"]
[White "Bennet,W"]
[Black "Ward,C"]
[Result "0-1"]
[WhiteElo "2180"]
[BlackElo "2461"]
[EventDate "2006.08.07"]

1. d4 e6 2. c4 Bb4+ 3. Bd2 a5 4. g3 d6 5. Bg2 e5 6. a3 Bxd2+ 7. Qxd2 Nc6 8.
Bxc6+ bxc6 9. dxe5 dxe5 10. Qc3 f6 11. Nd2 Nh6 12. b4 axb4 13. axb4 Rxa1+
14. Qxa1 O-O 15. Ngf3 Bh3 16. Qc3 Qd7 17. e4 Rd8 18. Ke2 Qg4 19. Ke3 Qh5
20. b5 c5 21. Ke2 Nf7 22. Ra1 Ng5 23. Ke1 Ne6 24. Ng1 Bg2 25. h4 Qg4 26.
Qe3 Nd4 27. Rc1 f5 28. exf5 Qxf5 29. Kd1 e4 30. Rc3 Ra8 31. Ra3 Rf8 32. Kc1
Qxf2 33. Qxf2 Rxf2 34. Re3 Kf7 35. Re1 Kf6 36. Nh3 Rxd2 37. Nf4 Nb3+ 38.
Kb1 Bf3 39. Re3 Rd1+ 40. Kb2 Nd4 41. Nd5+ Ke5 42. Nxc7 Rd2+ 43. Kb1 Rd3 44.
Nd5 Nxb5 0-1

[Event "93rd ch-GBR"]
[Site "Swansea WLS"]
[Date "2006.08.07"]
[Round "1"]
[White "Pert,R"]
[Black "Corke,A"]
[Result "1-0"]
[WhiteElo "2445"]
[BlackElo "2179"]
[EventDate "2006.08.07"]

1. d4 Nf6 2. c4 e6 3. Nf3 b6 4. Nc3 Bb7 5. a3 d5 6. cxd5 exd5 7. Qc2 Be7 8.
Bf4 O-O 9. e3 c6 10. Bd3 Nbd7 11. O-O Re8 12. Rac1 Nf8 13. Ne5 N6d7 14. Nf3
Ng6 15. Bg3 Nf6 16. Ne5 Nh5 17. Ne2 Nxg3 18. fxg3 Nxe5 19. Bxh7+ Kh8 20.
dxe5 Bg5 21. Kh1 Bxe3 22. Rcd1 Qe7 23. Bd3 c5 24. Qb3 Bh6 25. Bb1 Qxe5 26.
Qd3 Kg8 27. Qh7+ Kf8 28. Ng1 d4 29. Nf3 Bxf3 30. Rxf3 Qe1+ 31. Rf1 Qe5 32.
Ba2 f6 33. Rde1 Be3 34. Rf5 Qd6 35. Qg8+ Ke7 36. Qxg7+ Kd8 37. Rd5 1-0

[Event "93rd ch-GBR"]
[Site "Swansea WLS"]
[Date "2006.08.07"]
[Round "1"]
[White "Ledger,S"]
[Black "Gordon,S"]
[Result "0-1"]
[WhiteElo "2177"]
[BlackElo "2443"]
[EventDate "2006.08.07"]

1. e4 c5 2. d4 cxd4 3. c3 a6 4. cxd4 d5 5. e5 Nc6 6. Nc3 Bf5 7. Bd3 Bxd3 8.
Qxd3 e6 9. Nf3 Nge7 10. O-O Nf5 11. b3 h5 12. Bb2 g5 13. Nd1 g4 14. Ne1 Bh6
15. Nc2 Qg5 16. Bc1 Qg6 17. Bxh6 Rxh6 18. Qd2 h4 19. Nde3 Rh5 20. Nxf5 Rxf5
21. Rac1 h3 22. g3 Rf3 23. Rfe1 Rd3 24. Qf4 a5 25. Re3 Rd2 26. Rc3 Qe4 27.
Qxe4 dxe4 28. Re3 a4 29. b4 Nxd4 30. Nxd4 Rxd4 31. a3 Rad8 32. Kf1 R8d5 33.
Rc8+ Ke7 34. Rc7+ Kf8 35. Rxb7 Rxe5 36. Ra7 Rd1+ 37. Re1 Rd2 38. Re2 e3 39.
Ra8+ Kg7 40. Rxa4 Rd1+ 0-1

[Event "93rd ch-GBR"]
[Site "Swansea WLS"]
[Date "2006.08.07"]
[Round "1"]
[White "Constantinou,P"]
[Black "Arakhamia,K"]
[Result "0-1"]
[WhiteElo "2148"]
[BlackElo "2427"]
[EventDate "2006.08.07"]

1. d4 Nf6 2. c3 g6 3. Bg5 Bg7 4. Nd2 d5 5. e3 Nbd7 6. f4 c5 7. Bd3 Qb6 8.
Rb1 O-O 9. Qf3 cxd4 10. exd4 Qe6+ 11. Ne2 Nb6 12. O-O Nc4 13. f5 Nxd2 14.
Bxd2 gxf5 15. Qg3 Kh8 16. Nf4 Qd6 17. Qh4 Rg8 18. Rf3 Ne4 19. Rh3 h6 20.
Be3 Bf8 21. Nxd5 Rg4 22. Qh5 Qxd5 23. Bxh6 Kg8 24. Bxf8 Kxf8 25. Re1 Nf6
26. Qh6+ Ke8 27. Rf3 Qxf3 28. Qh8+ Ng8 29. Bf1 Be6 30. Qe5 Qd5 31. Qe3 Re4
32. Qg3 Nf6 33. Rc1 Kd7 34. c4 Qxd4+ 35. Kh1 Rg8 36. Qf3 Qe3 37. Rd1+ Kc7
38. c5 Qxf3 39. gxf3 Rb4 40. b3 Bd5 41. Bg2 e6 42. Re1 Rh4 0-1

[Event "93rd ch-GBR"]
[Site "Swansea WLS"]
[Date "2006.08.07"]
[Round "1"]
[White "Haslinger,S"]
[Black "Briscoe,C"]
[Result "1-0"]
[WhiteElo "2423"]
[BlackElo "2137"]
[EventDate "2006.08.07"]

1. e4 c5 2. Nf3 d6 3. d4 cxd4 4. Nxd4 Nf6 5. Nc3 a6 6. Be3 e5 7. Nf3 Be7 8.
Bc4 O-O 9. O-O Be6 10. Qe2 Qc7 11. Bb3 Rc8 12. Rfd1 Nbd7 13. Nh4 Bf8 14.
Bg5 b5 15. a3 Qc6 16. Rd2 Ra7 17. Rad1 h6 18. Bxf6 Nxf6 19. Nf5 Rd7 20. Qf3
h5 21. h3 Qb6 22. Ne3 Qd8 23. Ned5 Bxd5 24. Nxd5 Nxd5 25. Rxd5 g6 26. Qd3
Qf6 27. a4 bxa4 28. Qxa6 Rdc7 29. Qxa4 Qf4 30. R5d3 Qg5 31. Rf3 h4 32. Rxf7
Rxf7 33. Qd7 Kh8 34. Qxc8 Rf4 35. Qe6 Kh7 36. Qg8+ 1-0

[Event "93rd ch-GBR"]
[Site "Swansea WLS"]
[Date "2006.08.07"]
[Round "1"]
[White "Palliser,R"]
[Black "Goodger,M"]
[Result "1-0"]
[WhiteElo "2413"]
[BlackElo "2128"]
[EventDate "2006.08.07"]

1. d4 f5 2. g3 Nf6 3. Bg2 g6 4. Nf3 Bg7 5. O-O O-O 6. c4 d6 7. Nc3 Qe8 8.
Re1 Qf7 9. b3 Ne4 10. Bb2 Nc6 11. Rc1 e5 12. dxe5 dxe5 13. Nxe4 fxe4 14.
Ng5 Qxf2+ 15. Kh1 Rd8 16. Nxe4 Qe3 17. Qc2 Bf5 18. Qc3 Qxc3 19. Bxc3 Nd4
20. Nc5 Nc2 21. Bxb7 Nxe1 22. Bxa8 Rxa8 23. Rxe1 Rd8 24. Kg2 e4 25. Bxg7
Kxg7 26. Kf2 Kf6 27. Ke3 Ke5 28. b4 g5 29. Rc1 h5 30. Rc3 Rd1 31. Ra3 Rc1
32. Rxa7 Rc3+ 33. Kd2 Rxc4 34. a3 Kd6 35. Nb7+ Ke6 36. e3 h4 37. gxh4 gxh4
38. Na5 1-0

[Event "93rd ch-GBR"]
[Site "Swansea WLS"]
[Date "2006.08.07"]
[Round "1"]
[White "Houska,Jo"]
[Black "Pym,T"]
[Result "1-0"]
[WhiteElo "2364"]
[BlackElo "2114"]
[EventDate "2006.08.07"]

1. e4 g6 2. d4 Bg7 3. Nf3 d6 4. Be2 Nf6 5. Nc3 O-O 6. O-O a6 7. a4 b6 8.
Re1 Bb7 9. e5 dxe5 10. dxe5 Nd5 11. Nxd5 Bxd5 12. Bg5 Nc6 13. Ra3 Be6 14.
Bd3 h6 15. Bf4 Nb4 16. Qd2 c5 17. Bxh6 Nxd3 18. Rxd3 Qc7 19. Bxg7 Kxg7 20.
Qc3 b5 21. Ng5 Bf5 22. e6+ f6 23. Rd7 Qf4 24. Rxe7+ Kg8 25. Nh7 1-0

[Event "93rd ch-GBR"]
[Site "Swansea WLS"]
[Date "2006.08.07"]
[Round "1"]
[White "Cannon,Ri"]
[Black "Sowray,P"]
[Result "0-1"]
[WhiteElo "2102"]
[BlackElo "2357"]
[EventDate "2006.08.07"]

1. e4 c5 2. Nf3 Nc6 3. d4 cxd4 4. Nxd4 Qb6 5. Nb3 Nf6 6. Nc3 e6 7. Bd3 d6
8. O-O Be7 9. a4 O-O 10. Kh1 d5 11. a5 Qd8 12. exd5 Nxd5 13. Nxd5 Qxd5 14.
Qe2 Rd8 15. a6 bxa6 16. Be4 Qd7 17. Na5 Nd4 18. Qd3 Rb8 19. Bxh7+ Kf8 20.
Qh3 Bf6 21. b3 Nb5 22. Ra4 e5 23. Qh5 Rb6 24. Nc4 Rb8 25. Be3 Bb7 26. Bc5+
Ke8 27. Bf5 Bxg2+ 28. Kg1 Qxf5 29. Qxf5 Bc6 30. Rxa6 Bb7 31. Rxf6 gxf6 32.
Qxf6 Kd7 33. Qe7+ Kc8 34. Bd6 Rg8+ 0-1

[Event "93rd ch-GBR"]
[Site "Swansea WLS"]
[Date "2006.08.07"]
[Round "1"]
[White "Chevannes,S"]
[Black "Ashton,A"]
[Result "0-1"]
[WhiteElo "2080"]
[BlackElo "2329"]
[EventDate "2006.08.07"]

1. d4 d5 2. Nf3 Nf6 3. e3 c5 4. Nbd2 Nc6 5. b3 cxd4 6. exd4 Bf5 7. c3 e6 8.
Be2 Bd6 9. Bb2 Nh5 10. Nf1 Nf4 11. Ne3 Be4 12. Bf1 Qf6 13. Nd2 Nd3+ 14.
Bxd3 Bxd3 15. Nf3 Be4 16. Nd2 Bg6 17. Qe2 O-O 18. O-O Qf4 19. g3 Qh6 20.
Rfe1 Rae8 21. Nxd5 exd5 22. Qxe8 Qxd2 23. Qe2 Qg5 24. c4 h5 25. h4 Qf6 26.
Rad1 Be4 27. Qd2 Qf3 0-1

[Event "93rd ch-GBR"]
[Site "Swansea WLS"]
[Date "2006.08.07"]
[Round "1"]
[White "Rudd,J"]
[Black "Hughes,Ro"]
[Result "1-0"]
[WhiteElo "2328"]
[BlackElo "2071"]
[EventDate "2006.08.07"]

1. e4 d5 2. exd5 Qxd5 3. Nf3 Nf6 4. d4 c6 5. c4 Qd8 6. Nc3 g6 7. Be2 Bg7 8.
O-O O-O 9. Bf4 Re8 10. Re1 Na6 11. Qb3 Nc7 12. Rad1 Ne6 13. Bc1 Qc7 14. Qa3
Nf4 15. Bf1 Bg4 16. Ne4 Ne6 17. d5 Nf8 18. h3 Bxf3 19. Qxf3 cxd5 20. Nxf6+
Bxf6 21. Rxd5 Ne6 22. b3 Rad8 23. Be3 b6 24. Red1 Be5 25. g3 Ng7 26. Rxd8
Rxd8 27. Rxd8+ Qxd8 28. Qb7 Qc7 29. Qa8+ Qb8 30. Qxb8+ Bxb8 31. Bd3 Bd6 32.
Kf1 e5 33. Ke2 f5 34. f3 Kf7 35. g4 Kf6 36. Kd2 Bb4+ 37. Kc2 Ne6 38. Kb2
Ng5 39. a3 Bd6 40. b4 Nxf3 41. c5 Bc7 42. Kb3 e4 43. Be2 Ke5 44. Kc4 f4 45.
Bxf3 exf3 46. Bf2 bxc5 47. bxc5 a6 48. h4 h6 49. h5 gxh5 50. gxh5 Ba5 51.
Kd3 Kd5 52. Bd4 Bd8 53. Bg7 Bg5 54. Bf8 Kc6 55. Kd2 Kd7 56. Ke1 Ke8 57. c6
Kd8 58. Bd6 a5 59. a4 Bf6 60. Kf2 Bg5 61. Kxf3 Kc8 62. Bxf4 Bf6 63. Ke4 1-0

[Event "93rd ch-GBR"]
[Site "Swansea WLS"]
[Date "2006.08.07"]
[Round "1"]
[White "Poobalasingam,P"]
[Black "Thomas,Ni"]
[Result "1/2-1/2"]
[WhiteElo "2068"]
[BlackElo "2299"]
[EventDate "2006.08.07"]

1. d4 e6 2. c4 Nf6 3. Nc3 Bb4 4. e3 c5 5. Nge2 b6 6. a3 Ba5 7. Rb1 Na6 8.
Bd2 O-O 9. Ng3 Bb7 10. Bd3 d5 11. cxd5 cxd4 12. exd4 Bxc3 13. bxc3 Qxd5 14.
f3 Rad8 15. Qe2 Nb8 16. Ne4 Nbd7 17. O-O Bc6 18. Kh1 e5 1/2-1/2

[Event "93rd ch-GBR"]
[Site "Swansea WLS"]
[Date "2006.08.07"]
[Round "1"]
[White "Sherwin,J"]
[Black "Moyse,N"]
[Result "1-0"]
[WhiteElo "2291"]
[BlackElo "2036"]
[EventDate "2006.08.07"]

1. e4 e5 2. Nf3 Nc6 3. Bb5 f5 4. Nc3 Bc5 5. exf5 Nf6 6. Qe2 Qe7 7. d3 d6 8.
Ne4 Bb6 9. Ng3 Bd7 10. Be3 Nd5 11. Bg5 Qf8 12. d4 h6 13. dxe5 Nxe5 14.
Bxd7+ Kxd7 15. Nxe5+ dxe5 16. O-O-O Bd4 17. Rxd4 c6 18. Rd2 hxg5 19. c4 Qc5
20. Kb1 Rhe8 21. Ne4 Qa5 22. Rhd1 1-0

[Event "93rd ch-GBR"]
[Site "Swansea WLS"]
[Date "2006.08.07"]
[Round "1"]
[White "Thomas,Jos"]
[Black "Britton,R"]
[Result "0-1"]
[WhiteElo "2029"]
[BlackElo "2288"]
[EventDate "2006.08.07"]

1. e4 c5 2. d4 cxd4 3. c3 dxc3 4. Nxc3 Nc6 5. Nf3 d6 6. Bc4 a6 7. O-O Nf6
8. Qe2 Bg4 9. h3 Bxf3 10. Qxf3 Ne5 11. Qe2 Nxc4 12. Qxc4 e6 13. Rd1 Rc8 14.
Qb3 Qc7 15. Bf4 Be7 16. Rac1 Qb8 17. Qa4+ Rc6 18. Ne2 b5 19. Qb4 Rxc1 20.
Rxc1 O-O 21. Rd1 Rd8 22. Nd4 Qb7 23. Nb3 d5 24. Qd4 Nxe4 25. Na5 Qc8 26. b4
Bf6 27. Qb6 e5 28. Rc1 Nc3 0-1

[Event "93rd ch-GBR"]
[Site "Swansea WLS"]
[Date "2006.08.07"]
[Round "1"]
[White "Ledger,D"]
[Black "Khandelwal,A"]
[Result "1-0"]
[WhiteElo "2274"]
[BlackElo "1974"]
[EventDate "2006.08.07"]

1. e4 e5 2. Bc4 Nc6 3. Nf3 Bc5 4. c3 Nf6 5. d3 d6 6. Bb3 Bg4 7. h3 Bh5 8.
Nbd2 Qd7 9. Nf1 d5 10. Qe2 O-O-O 11. Ng3 Bg6 12. Bg5 d4 13. Rd1 Rde8 14.
Nh4 Ng8 15. Qg4 f6 16. Bc1 Qxg4 17. hxg4 Nge7 18. Nhf5 Bxf5 19. gxf5 Ref8
20. Ke2 Nd8 21. Rh3 h6 22. Nh5 g6 23. fxg6 Nxg6 24. Ng3 Nf7 25. Rdh1 Nf4+
26. Bxf4 exf4 27. Nf5 dxc3 28. bxc3 Kd7 29. Bxf7 Rxf7 30. Rxh6 Rg8 31. Kf3
Bd6 32. R6h4 1-0

[Event "93rd ch-GBR"]
[Site "Swansea WLS"]
[Date "2006.08.07"]
[Round "1"]
[White "Nicholson,Jo"]
[Black "Mason,D"]
[Result "0-1"]
[WhiteElo "1945"]
[BlackElo "2266"]
[EventDate "2006.08.07"]

1. e4 e6 2. d4 d5 3. e5 c5 4. c3 Qb6 5. Bd3 cxd4 6. cxd4 Nc6 7. Nf3 Bd7 8.
O-O Nxd4 9. Nxd4 Qxd4 10. Qe2 Ne7 11. Kh1 Nc6 12. f4 Bc5 13. Nc3 a6 14. a3
Ba7 15. Bd2 g6 16. Rf3 Qb6 17. Rff1 Nd4 18. Qd1 Nb3 19. Rb1 Nxd2 20. Qxd2
Qe3 21. Qd1 Rc8 22. Rf3 Qb6 23. f5 gxf5 24. Bxf5 Qd4 25. Rd3 Qxe5 26. Nxd5
Qxf5 27. Nf6+ Qxf6 28. Rxd7 O-O 29. Rxb7 Qd4 30. Qh5 Rc5 31. Qh6 Qe4 32.
Rd1 Qxb7 33. Rd3 Bb8 34. Rh3 Qe4 0-1

[Event "93rd ch-GBR"]
[Site "Swansea WLS"]
[Date "2006.08.08"]
[Round "2"]
[White "Rowson,J"]
[Black "Devereaux,M"]
[Result "1/2-1/2"]
[WhiteElo "2579"]
[BlackElo "2377"]
[EventDate "2006.08.07"]

1. d4 Nf6 2. c4 e6 3. Nf3 b6 4. g3 Ba6 5. Qb3 c5 6. d5 exd5 7. cxd5 d6 8.
e4 Bxf1 9. Kxf1 Nbd7 10. Kg2 Be7 11. Nc3 O-O 12. Re1 Re8 13. Bf4 Bf8 14.
Rad1 a6 15. a4 Qc7 16. Qc4 Qb7 17. e5 dxe5 18. Nxe5 Nxe5 19. Bxe5 Nd7 20.
Bf4 Rxe1 21. Rxe1 Nf6 22. Bg5 b5 23. Qd3 c4 24. Qf3 Ne8 25. Rd1 Nd6 26. Bf4
b4 27. Ne4 Nxe4 28. Qxe4 c3 29. bxc3 bxc3 30. Rb1 Qd7 31. d6 Re8 32. Qd5 c2
33. Rb7 Qe6 34. Qxe6 fxe6 35. Rc7 Rd8 36. d7 Kf7 37. a5 Bb4 38. Bg5 Be7 39.
Be3 Bb4 40. Bg5 Be7 41. h4 h6 42. Be3 Bb4 43. Bb6 h5 44. Kf3 c1=Q 45. Rxc1
Rxd7 46. Rc4 Bd2 47. Ke4 Rd5 48. Rc7+ Kf8 49. Bd4 Bxa5 50. Bxg7+ Kg8 51.
Re7 Be1 52. Rxe6 Rd2 53. Kf5 Kxg7 54. Rxe1 Rxf2+ 55. Kg5 Rf3 56. Rg1 a5 57.
Kxh5 a4 58. Kg4 Rf6 59. Ra1 Ra6 60. Ra3 Kh6 61. Kh3 Kg6 62. g4 Kf6 63. Kg3
Ke5 64. h5 Kf6 65. Kh4 Ra5 66. Rf3+ Kg7 67. g5 a3 68. h6+ Kg8 69. g6 Ra4+
70. Kg5 Ra5+ 71. Kf6 Ra6+ 72. Kg5 Ra5+ 73. Kh4 Ra4+ 74. Kg5 1/2-1/2

[Event "93rd ch-GBR"]
[Site "Swansea WLS"]
[Date "2006.08.08"]
[Round "2"]
[White "Cobb,J"]
[Black "Hebden,M"]
[Result "0-1"]
[WhiteElo "2370"]
[BlackElo "2532"]
[EventDate "2006.08.07"]

1. e4 e5 2. Nf3 Nc6 3. Bb5 a6 4. Ba4 Nf6 5. O-O Be7 6. Re1 b5 7. Bb3 O-O 8.
a4 Bb7 9. d3 d6 10. Nc3 Na5 11. Ba2 b4 12. Ne2 Rb8 13. Ng3 c5 14. Nf5 Bc8
15. N3h4 Ne8 16. Qh5 Bxh4 17. Nxh4 b3 18. Bxb3 Nxb3 19. cxb3 Rxb3 20. Re3
Nf6 21. Qd1 Rb4 22. Rg3 Kh8 23. Bg5 h6 24. Bd2 Rb8 25. Bc3 Be6 26. Qe2 Nd7
27. Qh5 Nf6 28. Qe2 g6 29. Qe3 Kh7 30. Bd2 Ng8 31. Nf3 Rxb2 32. h4 Qf6 33.
Rf1 Rfb8 34. Nh2 Qxh4 35. f4 Rxd2 36. f5 gxf5 37. Rh3 f4 0-1

[Event "93rd ch-GBR"]
[Site "Swansea WLS"]
[Date "2006.08.08"]
[Round "2"]
[White "Sowray,P"]
[Black "Pert,N"]
[Result "0-1"]
[WhiteElo "2357"]
[BlackElo "2503"]
[EventDate "2006.08.07"]

1. e4 e6 2. d4 d5 3. e5 c5 4. c3 Nc6 5. Nf3 Bd7 6. Be2 Nge7 7. Na3 cxd4 8.
cxd4 Nb4 9. Nc2 Nxc2+ 10. Qxc2 Qb6 11. Qd3 a6 12. O-O Bb5 13. Qb3 Nc8 14.
Qd1 Bxe2 15. Qxe2 Qb5 16. Qd1 Be7 17. Rb1 O-O 18. Bg5 Bxg5 19. Nxg5 h6 20.
Nf3 Nb6 21. b3 a5 22. Qd2 Rac8 23. Rfc1 Nd7 24. h4 Nb8 25. Kh2 Rc6 26. Rxc6
Nxc6 27. Rc1 a4 28. Rc5 Qb6 29. bxa4 Ra8 30. Rb5 Qa6 31. Qc3 Ra7 32. Rb2
Qxa4 33. g3 Qc4 34. Qd2 Ra3 35. Kg2 Rd3 36. Qe2 Nxd4 37. Nxd4 Rxd4 38. Qxc4
Rxc4 39. Rxb7 Re4 40. Rb8+ Kh7 41. Rb2 Rxe5 42. a4 d4 43. f4 Ra5 44. Rb4
Rd5 45. Rb5 Rd7 46. Kf2 d3 47. Ke1 d2+ 48. Kd1 Rd3 49. a5 Rxg3 50. Kxd2 Kg6
51. Kc2 Rf3 52. a6 Ra3 53. Rb6 Kh5 54. Kb2 Ra5 55. Kb3 Ra1 56. Kb4 Kxh4 57.
Kb5 g5 58. Rb7 f5 59. Rh7 gxf4 60. Rxh6+ Kg5 61. Rh7 f3 62. Kb6 e5 63. a7
e4 0-1

[Event "93rd ch-GBR"]
[Site "Swansea WLS"]
[Date "2006.08.08"]
[Round "2"]
[White "Ashton,A"]
[Black "Williams,Si"]
[Result "0-1"]
[WhiteElo "2329"]
[BlackElo "2473"]
[EventDate "2006.08.07"]

1. e4 e6 2. Nf3 d5 3. Nc3 Nf6 4. e5 Nfd7 5. d4 c5 6. Bb5 Nc6 7. O-O a6 8.
Bxc6 bxc6 9. Bg5 Be7 10. Bxe7 Qxe7 11. Ne2 Rb8 12. b3 cxd4 13. Qxd4 O-O 14.
Ng3 c5 15. Qe3 d4 16. Qd3 f5 17. c3 dxc3 18. Qxc3 Bb7 19. Rfe1 Bd5 20. Rad1
Rb4 21. Nd2 f4 22. Nge4 Rf5 23. Nd6 Rh5 24. Nf3 Rb8 25. Ne4 Rf8 26. Qa5
Nxe5 27. Nxe5 Rxe5 28. Qxc5 Qh4 29. Qd4 Rh5 30. h3 f3 31. Ng3 Rh6 32. Qxh4
Rxh4 33. Kh2 fxg2 34. Rd2 Rhf4 35. Kg1 g6 36. Rc1 h5 0-1

[Event "93rd ch-GBR"]
[Site "Swansea WLS"]
[Date "2006.08.08"]
[Round "2"]
[White "Ward,C"]
[Black "Taylor,Mart"]
[Result "1/2-1/2"]
[WhiteElo "2461"]
[BlackElo "2332"]
[EventDate "2006.08.07"]

1. d4 d5 2. c4 e6 3. Nc3 Nf6 4. cxd5 exd5 5. Bg5 Be7 6. e3 Nbd7 7. Bd3 c6
8. Qc2 Nh5 9. Bxe7 Qxe7 10. O-O-O Nb6 11. Nf3 g6 12. Kb1 Ng7 13. Rhe1 Be6
14. e4 dxe4 15. Nxe4 Nd5 16. Qd2 O-O-O 17. Nc5 Qc7 18. Ne5 Bf5 19. Rc1 Rhe8
20. Ka1 Bxd3 21. Qxd3 f6 22. Nf3 Rxe1 23. Rxe1 Re8 24. Rxe8+ 1/2-1/2

[Event "93rd ch-GBR"]
[Site "Swansea WLS"]
[Date "2006.08.08"]
[Round "2"]
[White "Britton,R"]
[Black "Pert,R"]
[Result "1/2-1/2"]
[WhiteElo "2288"]
[BlackElo "2445"]
[EventDate "2006.08.07"]

1. e4 c5 2. Nc3 Nc6 3. f4 g6 4. Nf3 Bg7 5. d3 d6 6. g3 e6 7. Bg2 Nge7 8.
O-O O-O 9. Be3 Nd4 10. e5 Bd7 11. exd6 Nef5 12. Bf2 Bc6 13. Ne4 Nxf3+ 14.
Bxf3 b6 15. c3 Rc8 16. Qe2 Nxd6 17. Nxd6 Bxf3 18. Qxf3 Qxd6 19. Rfd1 Rfd8
20. d4 c4 21. b4 a5 22. Rab1 a4 23. Re1 b5 24. a3 Re8 25. Re4 Qd5 26. Rbe1
f5 27. R4e3 Kf7 28. Kg2 h6 29. Qxd5 exd5 30. Rxe8 Rxe8 31. Rxe8 Kxe8 32. h4
Kf7 33. Kf3 Bf8 34. Be3 Bd6 35. Bd2 Kf6 36. Be3 Ke6 37. Bd2 Be7 38. Be3 h5
1/2-1/2

[Event "93rd ch-GBR"]
[Site "Swansea WLS"]
[Date "2006.08.08"]
[Round "2"]
[White "Gordon,S"]
[Black "Rudd,J"]
[Result "1-0"]
[WhiteElo "2443"]
[BlackElo "2328"]
[EventDate "2006.08.07"]

1. d4 Nf6 2. c4 c5 3. d5 e6 4. Nc3 exd5 5. cxd5 d6 6. e4 g6 7. Nge2 Bg7 8.
Ng3 O-O 9. Be2 Na6 10. O-O Nc7 11. Bg5 h6 12. Be3 b6 13. Qd2 Kh7 14. h3 Rb8
15. a4 a6 16. Rab1 b5 17. axb5 Nxb5 18. Bxb5 axb5 19. b4 c4 20. Nge2 Qe8
21. f3 Nd7 22. Bd4 Ne5 23. f4 Nd3 24. Bxg7 Kxg7 25. Nc1 Nxc1 26. Rbxc1 Kh7
27. Rce1 Qd8 28. Rf3 Re8 29. e5 Bf5 30. Rfe3 Qh4 31. Qf2 Qxf2+ 32. Kxf2 Kg7
33. g4 Bd3 34. e6 Re7 35. exf7 Rxe3 36. Rxe3 Kxf7 37. Re6 Rb6 38. Ke3 h5
39. Kd4 hxg4 40. hxg4 Kf8 41. Re1 Ra6 42. Rh1 Kg7 43. Rh2 Ra3 44. Ra2 Rb3
45. Ra7+ Kg8 46. Rb7 Rb2 47. Nxb5 Rxb4 48. Nxd6 Ra4 49. Rc7 Be2 50. g5 c3+
51. Ke5 Ra3 52. Ne4 1-0

[Event "93rd ch-GBR"]
[Site "Swansea WLS"]
[Date "2006.08.08"]
[Round "2"]
[White "Mason,D"]
[Black "Greet,A"]
[Result "0-1"]
[WhiteElo "2266"]
[BlackElo "2431"]
[EventDate "2006.08.07"]

1. e4 c5 2. Nc3 Nc6 3. g3 g6 4. Bg2 Bg7 5. d3 d6 6. f4 Nf6 7. Nf3 O-O 8.
O-O Rb8 9. h3 b5 10. a3 a5 11. g4 b4 12. axb4 axb4 13. Ne2 Bb7 14. f5 Qb6
15. Be3 Ra8 16. Rc1 Nd7 17. b3 Nde5 18. Nf4 Nxf3+ 19. Rxf3 Bd4 20. Nd5
Bxe3+ 21. Rxe3 Qd8 22. Rf3 Nd4 23. Rf2 e6 24. Ne3 Qg5 25. Nc4 Rfd8 26. Qd2
Qxd2 27. Rxd2 Ra2 28. e5 Bxg2 29. Rxg2 d5 30. Nd6 Nf3+ 31. Kf1 Nxe5 32. Nb7
Rc8 33. Re1 Nf3 34. Re3 Nd4 35. Nd6 Ra1+ 36. Kf2 Rb8 37. fxe6 fxe6 38. Kg3
Ra6 0-1